000 00548nam a22001817a 4500
005 20251108164222.0
008 250721s1983 xx 000 0 ara d
082 1 4 _a617.69/سلا
100 1 _aالقيسي، سلاد داود
245 1 0 _aالمواد السنية لتقي الأسنان /
264 1 _aبغداد :
_bدار التقي للطباعة،
_c1983.
300 _a392ص
650 1 7 _aالأسنان الإصطناعية
650 1 7 _aالمواد السنية
650 1 7 _aالأسنان
942 _2ddc
_cBK
999 _c6661
_d6661